000 00280nam a22001217a 4500
003 SGT
082 _a616.240
_bI14H
100 _aHYATT, ROBERT
245 _aINTERPRETATION OF PULMONARY FUNCTION TEST
260 _aPHILADELPHIA
_bWOLTER
_c2014
300 _a223
942 _2ddc
_cBK
999 _c14955
_d14955